Responses for show #7318 - Wednesday, June 8, 2016

Hunter Appler game 1.

Contestants

Torrey Livenick, a law student originally from Las Vegas, Nevada

Hunter Appler, an attorney originally from Mount Airy, North Carolina

Stew Latwin, a Navy pilot originally from Rye, New York (whose 2-day cash winnings total $42,601)

Jeopardy! Round responses

BEST MUSICAL ACTOR TONY WINNERS
(Alex: The Tony Awards are gonna be televised this Sunday.)
HISTORY IN ART
SURROUNDED BY STATISTICS
DOUBLE "R"
DIRTY BIRDS
HOW JUVENILE!
    $200 22
Nathan Lane

Stew
    $200 6
Brutus

Hunter
    $200 9
lifespan

Hunter
    $200 13
worry?

Hunter
    $200 21
woodpecker

Stew
    $200 1
a kit

Stew
    $400 23
Michael Crawford

Hunter
    $1,000 7
(Alex: Jefferson's on the front.)

the signing of the Declaration of Independence

Hunter
    $400 10
(Stew: What is tuition?)
[Torrey gave both listed responses.]

student (loan) debt

StewTorrey
    $400 14
a corral

Torrey
    $400 25
a burrowing owl

Torrey
    $400 2
the Hardy Boys

Stew
    $600 24
Neil Patrick Harris

Hunter
    $600 8
Iwo Jima

Stew
    $600 18
a driver's license

Hunter
    $600 15
warriors

Stew
    $600 26
the Mud Hens

Hunter
    $600 3
the YMCA

Stew
    $800 29
(Torrey: Who is John Travolta?)

Harvey Fierstein

Torrey
Triple Stumper
    $800 11
Nuremberg

Hunter
    $800 19
ICE (Immigration and Customs Enforcement)

Hunter
    $800 16
ferret

Torrey
    $800 27
vultures

Hunter
    $800 4
diabetes

Stew
    $1000 30
(Hunter: Who is Topol?)

Zero Mostel

StewHunter
    $1000 12
the French and Indian War

Torrey
    $1000 20
(Hunter: What is Grand Central Station?)

Pennsylvania Station

HunterTorrey
    $1000 17
(Hunter: What is arid?)

torrid

Hunter
Triple Stumper
    $1000 28
the cormorant

Triple Stumper
    $1000 5
solitary confinement

Torrey

Scores at the first commercial break (after clue 15):

Stew Hunter Torrey
$2,800 $2,400 $2,800

Scores at the end of the Jeopardy! Round:

Stew Hunter Torrey
$4,200 $3,200 $4,200

Double Jeopardy! Round responses

GREAT SCOTS
BLENDED WORDS
THE BOOK BOOK
"T" MOBILE
LAKES & RIVERS
ROBOT CHECK-IN
    $400 2
Alexander Graham Bell

Torrey
    $400 24
a staycation

Torrey
    $400 17
Mao Zedong

Stew
    $400 14
a Taurus

Hunter
    $400 7
Africa

Hunter
    $400 1
A.I.

Torrey
    $800 3
Robert Louis Stevenson

Torrey
    $800 25
Eurasia

Torrey
    $800 18
(Torrey: What is a [*] Book?)

Doomsday

Torrey
    $800 15
Tesla

Hunter
    $800 8
Luxembourg

Hunter
    $800 5
BB-8

Hunter
    $1200 4
the Wealth of Nations

Hunter
    $1200 28
a mockumentary

Hunter
    $1200 19
the Book of the Dead

Hunter
    $1200 16
a Tin Lizzie

Torrey
    $1200 11
Manila Bay

Stew
    $1200 6
Voltron

Triple Stumper
    $1,400 26
John Muir

Torrey
    $600 29
frankenfood

Hunter
    $1600 20
Gargantua & Pantagruel

Triple Stumper
    $1600 22
(Preston) Tucker

Triple Stumper
    $1600 12
Lake Geneva

Stew
    $1600 9
Mr. Data

Hunter
    $2000 27
(James Clerk) Maxwell

Hunter
    $2000 30
the Imagineers

Torrey
    $2000 21
(Abbie) Hoffman

Hunter
    $2000 23
Tiguan

Triple Stumper
    $2000 13
(Hunter: What is the Po?)

the Ob

Hunter
Triple Stumper
    $2000 10
Big Brother

Triple Stumper

Scores at the end of the Double Jeopardy! Round:

Stew Hunter Torrey
$7,400 $14,200 $12,400

[wagering suggestions for these scores]

Final Jeopardy! Round responses

STATE CAPITALS
(Alex: [To Stew] Saul was born in Tarsus, which is now part of Turkey.)
StewWhat is St. Paul
$7,398
TorreyWhat is Cincinnati
$12,000
HunterWhat is St. Paul?
$10,601
St. Paul

Final scores:

Stew Hunter Torrey
$14,798 $24,801 $400
2nd place: $2,000 New champion: $24,801 3rd place: $1,000

Game dynamics:

Coryat scores:

Stew Hunter Torrey
$7,400 $14,600 $12,600
12 R,
1 W
23 R
(including 2 DDs),
4 W
16 R
(including 1 DD),
1 W

Combined Coryat: $34,600

The J! Archive is created by fans, for fans. The Jeopardy! game show and all elements thereof, including but not limited to copyright and trademark thereto, are the property of Jeopardy Productions, Inc. and are protected under law. This website is not affiliated with, sponsored by, or operated by Jeopardy Productions, Inc. Join the discussion at JBoard.tv.